Kris to Ralsei with the Longest Path Possible - Statistics

General Stats
  • This quiz has been taken 5 times
  • The average score is 6 of 60
Answer Stats
Answer % Correct
Susie
100%
Noelle
75%
Toriel
75%
Sans
50%
Asgore
25%
{Bruce} (Jaws)
25%
Carol
25%
Darth Vader
25%
Death Star
25%
Frisk
25%
MatPat
25%
Queen
25%
Sonic
25%
Toby Fox
25%
Amixem
0%
C3PO
0%
Christopher Nolan
0%
DeLorean
0%
Dwayne Johnson
0%
Ed Sheeran
0%
Elizabeth II
0%
Emma Watson
0%
Ewan McGregor
0%
Foreman Pig
0%
George Lucas
0%
Grumpy Cat
0%
Hans Zimmer
0%
Hayden Christansen
0%
Helena Bonham Carter
0%
Jack Black
0%
Jenna Ortega
0%
Jennifer Lopez
0%
Jimmy Kennel
0%
John Williams
0%
Justin Bieber
0%
Leonardo DiCaprio
0%
Madonna
0%
Marty McFly
0%
Michael Jackson
0%
Millenium Falcon
0%
MrBeast
0%
Natalie Portman
0%
Paul McCartney
0%
Pope Francis
0%
Red
0%
Robert Downey Jr.
0%
Rupert Grint
0%
Selena Gomez
0%
Shigeru Miyamoto
0%
Shigesato Itoi
0%
Squeezie
0%
Stan Lee
0%
Steven Spielberg
0%
Terence
0%
The Weeknd
0%
Tim Burton
0%
Toby Maguire
0%
Tom Hanks
0%
Tom Holland
0%
Zach King
0%
No matching quizzes found
Score Distribution
Percent of People with Each Score
Percentile by Number Answered
Your Score History
You have not taken this quiz